MDQL
is popping MORE tags! Check the
thread
!
Quizzes
Events
Quiz Creation
Community
Videos
Private Events
Remove Ads
Sign In
Join for FREE
Feedback
Dark Mode
Quiz Categories
Sports
Geography
Music
Movies
Television
Just For Fun
Miscellaneous
History
Literature
Language
Science
Gaming
Entertainment
Religion
Holiday
For Kids
Quiz Lab
Recent
Popular Today
Quiz Kudos Today
Editor Picks
Curator Picks
Quizzes by...
Day
Popularity
Type
Ratings
Length
Year
Community
Subscriptions
Recent Discussions
Orange Saloon
Badges
Playlists
Quests
Create
Leaderboards
Showdown
Live 5
Trivia Bingo
Activity
Puzzle Library
Sporcle Events
Private Events
Virtual Trivia
Globe League
Become a Host
Pub Owners
SporcleCon
Opinionation
Our Games
Videos
Blog
Mobile Apps
Partnerships
Remove Ads and Go Orange
Feedback
Movies
Disney
Marvel Cinematic Universe
Movie Resume
Movie Titles
Oscar
Actor
Actress
Director
Pixar
Role
Movie Quotes
Movie Characters
Box Office
Nominee
Best Picture
Star Wars
James Bond
Horror Movies
Movies
Disney
Marvel Cinematic Universe
Movie Resume
Movie Titles
Oscar
Actor
Actress
Director
Pixar
Role
Movie Quotes
Movie Characters
Box Office
Nominee
Best Picture
Star Wars
James Bond
Horror Movies
Random Quiz
Search Sporcle
×
Quiz Lab
Quiz Lab
Movies
Movie Quotes
Select answers by clicking on text or image buttons
Select answers by clicking on text or image buttons
Clickable
Best Score? Go Orange.
Follow that line : Les tontons flingueurs Stats
Can you pick the line following this quote in movie Les tontons flingueurs?
By
Schweinsteignah
20m
38 Questions
45 Plays
45 Plays
45 Plays
Comments
Comments
Give Quiz Kudos
Give Quiz Kudos
-
- Ratings
hide this ad
Forced Order
Answers have to be entered in order
Answers have to be entered in order
Replay
Link that replays current quiz
Next Quiz
Link to next quiz in quiz playlist
You Got
0%
They Got
Avg Score
61%
Avg Friend Score
Upgrade to see
Score Distribution
Jump to the score distribution portion of the page
Score
0/38
Timer
20:00
0
Plays Today
% Correct
Nothing. I do not dream in colours ! I do not have time to dream !
82.2%
A-levels without connections, It's the cart without the horse. The joint without the mortise.
80%
But he would understand anything about money.
80%
Images, that amused me when I was young !
77.8%
Means they changed style.
77.8%
Idiots would dare anything. That's how you can tell that they are.
77.8%
Without being outright dishonest, it does look strange.
77.8%
That's why you still have your driving licence. I don't.
75.6%
Why not ? Housework is not without a certain distinction.
75.6%
No, lemonade.
75.6%
Except the rescuer medal. Nice medal but difficult to get if you're not from Britanny.
75.6%
The police's been looking for 10 years. They never found it !
73.3%
Beetroot maybe ?
73.3%
You didn't have to, this is my place.
71.1%
Fernand, the pest ! The dishonest one ! That's his name !
71.1%
I'll write him a prescription. A severe one !
71.1%
During the Russian retreat, the ones staying behind all got killed.
68.9%
And the Mexican and the Archduke of Austria !
68.9%
Hands off the cash, bitch !
68.9%
% Correct
Rather simple, but efficient.
64.4%
I scatter ! I punch holes !
64.4%
The caller is a tad rough. The farmer type.
62.2%
you can use them as suppositories ! Children suppositories, even !
62.2%
I announce the assistants, not the boss.
60%
Not my favourite brand.
60%
Montauban. One should never leave it !
60%
If the meeting becomes unruly, I have a calming presence.
57.8%
and allow staff to dream.
53.3%
Shall we try the adventurous stuff ?
53.3%
A Polish woman used to have it for breakfast.
53.3%
We live in the era of round tables and 'détente'.
51.1%
Let's not ask more from the Volfonis than from the sons of Charlemagne.
48.9%
Gonna send him back to the headoffice, last stop for the conceited.
40%
He sings and then bam!
37.8%
You are asking for sleepless nights, migraines, nervous breakdowns
33.3%
We have the firepower of a dreadnaught !
28.9%
I would not be surprised to find out that we are about to close.
17.8%
I've been diplomatic cos you were around. But that's over !
15.6%
Quiz Playlist
Details
Report
Send in Message
Add To Playlist
Clickable:
Select answers by clicking on text or image buttons
Forced Order:
Answers have to be entered in order
Last Updated: Feb 16, 2017
Quiz Scoreboard
CHALLENGE
Sign Up to Join the Scoreboard
Show All
Scores
Hide
Comments
May contain spoilers
Recently Published
Two Season TV Shows II
by 123Four
Television
10m
Image Sorting: Flags VI
by Barbecue
Geography
2m
Find the 'City' Movie
by crazypaving
Movies
60s
More to Explore
Quiz From the Vault
Featured Blog Post
14 Easter Pick-up Lines to Find Eggs With
hide this ad
You Might Also Like...
Tags
Follow That Line Quiz
Movie Quotes Quiz
Comedy Movie
Comedy Quotes
France
Gangster Movie
Hilarious Movie
Movie Moments
Today's Top Quizzes in Movies
Browse Movies
hide this ad
Today's Top Quizzes in Movie Quotes
Browse Movie Quotes
Top Contributed Quizzes in Movies
1
Find The 'Big' Movie
2
The ultimate James Bond movie quiz
3
Find The 'Wild' Movie
4
Find The 'Blue' Movie
5
Movies By Plot
6
Hidden Star Wars Character II
7
Pick 5 Posters: Directed by Spielberg
8
Hidden Star Wars Character III
9
Hidden Star Wars Character IV
10
25 Best Actor Nominees (1990s)
Explore More
Trending Topics
Anime
Disney
Crossword
NBA
Harry Potter
Marvel
Kpop
WWE
Puzzle
Soccer
Song
NFL
The Office
Country
Pokémon
hide this ad
More By:
Schweinsteignah
Quiz
Plays
Rating
Category
Featured
Created
Premier League : Top 5 Team XIs - 2015-2019
39,720
4.76
Sports
Jul 14, 2017
Premier League : 1st place XIs (25 last years)
29,504
4.85
Sports
Jun 13, 2016
Serie A : 1st place XIs (25 last years)
27,823
4.89
Sports
May 22, 2016
La Liga : 1st place XIs (25 last years)
23,241
4.77
Sports
Jun 8, 2016
Ligue 1 : Top 5 Team XIs - 2015-2019
22,826
5.00
Sports
Jul 10, 2017
Go to Creator's Profile
Score Distribution
Quiz Creator Spotlight
Schweinsteignah
Follow
Send a Message
Quizzes Created
-
Created Quiz Play Count
-
More By This Creator
Popular Quizzes Today
1
Find the US States - No Outlines Minefield
2
Colored Red Africa Blitz
3
Find the 'City' Movie
4
5x2 Blitz: Bands
5
The Countries of the World
6
Find the Countries of Europe - No Outlines Minefield
7
Find the US States
8
US States
More Movies Quizzes
2012 Movie Actresses - Level 2
Quiz Lab
Trending Quizzes
Colored Red Europe Blitz I
Colored Red Africa Blitz II
Colored Red Europe Blitz II
Colored Red Africa Blitz III
Colored Red Europe Blitz III
Recently Updated
How Do You Spell That?
pecheneg
Godzilla Movies
pecheneg
Grab Bag: 4-10 Letters
pecheneg
2024 March Madness Bracket
pecheneg
Famous TV Couples
Peacemaker
Champions League XIs: Real Madrid
pecheneg
Largest US Cities 1790-2010
pecheneg
Rides in Walt Disney World
pecheneg
Most Oscar Losses (Acting)
pecheneg
Beyoncé Albums
pecheneg
Trending Topics
Anime
Crossword
NBA
Disney
Kpop
Harry Potter
Marvel
Soccer
WWE
Puzzle
Song
The Office
Pokémon
NFL
Country
Your Account Isn't Verified!
In order to create a playlist on Sporcle, you need to verify the email address you used during registration. Go to your
Sporcle Settings
to finish the process.
Report this User
Report this user for behavior that violates our
Community Guidelines
.
Details:
Send Report
Go to the Sporcle.com Mobile Site →
Comments